Projektový manažment ako perspektívna oblasť rozvoja priemyselného inžinierstva a využívania znalostného potenciálu podnikov

Definovanie premyselného inžinierstva. Vývoj projektového manažmentu. Možnosti uplatnenia projektového manažmentu v podniku. Implementácia stratégie a funkčné útvary podniku. Projektovo-orientovaná organizácia. Rozvoj projektového manažmentu.

Gespeichert in:
Bibliographische Detailangaben
1. Verfasser: Marsina, Štefan
Format: Buchkapitel
Sprache:Slowakisch
Schlagworte:
Tags: Tag hinzufügen
Keine Tags, Fügen Sie das erste Tag hinzu!

MARC

LEADER 00000naa a2200000 4500
001 0160603
005 20240502072803.1
041 0 |a slo 
044 |a SK 
245 1 0 |a Projektový manažment ako perspektívna oblasť rozvoja priemyselného inžinierstva a využívania znalostného potenciálu podnikov  |c Štefan Marsina 
520 |a Definovanie premyselného inžinierstva. Vývoj projektového manažmentu. Možnosti uplatnenia projektového manažmentu v podniku. Implementácia stratégie a funkčné útvary podniku. Projektovo-orientovaná organizácia. Rozvoj projektového manažmentu. 
610 2 0 |a riadenie projektové 
610 2 0 |a manažment strategický 
610 2 0 |a manažment znalostný 
610 2 0 |a inžinierstvo priemyselné 
100 1 |a Marsina, Štefan